MDQL
is popping MORE tags! Check the
thread
!
Quizzes
Events
Quiz Creation
Community
Videos
Private Events
Remove Ads
Sign In
Join for FREE
Feedback
Dark Mode
Quiz Categories
Sports
Geography
Music
Movies
Television
Just For Fun
Miscellaneous
History
Literature
Language
Science
Gaming
Entertainment
Religion
Holiday
For Kids
Quiz Lab
Recent
Popular Today
Quiz Kudos Today
Editor Picks
Curator Picks
Quizzes by...
Day
Popularity
Type
Ratings
Length
Year
Community
Subscriptions
Recent Discussions
Orange Saloon
Badges
Playlists
Quests
Create
Leaderboards
Showdown
Live 5
Trivia Bingo
Activity
Puzzle Library
Sporcle Events
Private Events
Virtual Trivia
Globe League
Become a Host
Pub Owners
SporcleCon
Opinionation
Our Games
Videos
Blog
Mobile Apps
Partnerships
Remove Ads and Go Orange
Feedback
Television
TV Characters
TV Show
Sitcom
Network
Friends
Reality Shows
Cast
South Park
Star Trek
The Simpsons
Doctor Who
Television
TV Characters
TV Show
Sitcom
Network
Friends
Reality Shows
Cast
South Park
Star Trek
The Simpsons
Doctor Who
Random Quiz
Search Sporcle
×
Quiz Lab
Quiz Lab
Television
Actor
Type in answers that appear in a list
Type in answers that appear in a list
Classic
Best Score? Go Orange.
FRIENDS - Notable Guest Stars Stats
Can you name the FRIENDS - Notable Guest Stars?
By
Friends2fan
10m
45 Questions
263 Plays
263 Plays
263 Plays
Comments
Comments
Give Quiz Kudos
Give Quiz Kudos
-
- Ratings
hide this ad
Replay
Link that replays current quiz
Next Quiz
Link to next quiz in quiz playlist
You Got
0%
They Got
Avg Score
51%
Avg Friend Score
Upgrade to see
Score Distribution
Jump to the score distribution portion of the page
Score
0/45
Timer
10:00
0
Plays Today
Character's Name
Actor/Actress
% Correct
Paul Stevens
Bruce Willis
93.2%
Jill Green
Reese Witherspoon
83.7%
Will Colbert
Brad Pitt
81.7%
Parker
Alec Baldwin
79.8%
Amy Green
Christina Applegate
78.3%
Dr. Richard Burke
Tom Selleck
77.2%
Mike Hannigan
Paul Rudd
76.4%
Tommy
Ben Stiller
67.7%
Roy
Danny DeVito
67.3%
Erica
Anna Faris
65.8%
Susie Moss
Julia Roberts
64.6%
Eric
Sean Penn
64.6%
Ryan
Charlie Sheen
63.5%
Melissa Warburton
Winona Ryder
62.7%
David
Hank Azaria
62.7%
Cassie Geller
Denise Richards
60.5%
Sandy
Freddie Prinze Jr.
59.3%
Ben Geller
Cole Sprouse
58.6%
Erika Ford
Brooke Shields
57.4%
Janine Lecroix
Elle Macpherson
57.4%
Jack Geller
Elliott Gould
56.7%
Mackenzie
Dakota Fanning
56.3%
Malcolm
David Arquette
52.5%
Character's Name
Actor/Actress
% Correct
Judy Geller
Christina Pickles
50.6%
Dr. Charlie Wheeler
Aisha Tyler
50.6%
Charles Bing
Kathleen Turner
50.2%
Pete Becker
Jon Favreau
46.7%
Dr. Michael Mitchell
George Clooney
46%
Richard Crosby
Gary Oldman
45.7%
Janice Litman-
Goralnick
Maggie Wheeler
44.9%
Dr. Benjamin Hobart
Greg Kinnear
42.2%
Wendy
Selma Blair
41.4%
Nora Tyler-
Bing
Morgan Fairchild
40%
Earl
Jason Alexander
39.9%
Sandra Green
Marlo Thomas
38.8%
Kristen Lang
Gabrielle Union
37.1%
Steve
Jon Lovitz
35.7%
Gunther
James Michael Tyler
32.7%
Lydia
Leah Remini
31.2%
Tomas
Robin Williams
30.4%
Tim
Billy Crystal
25.9%
Cheryl
Rebecca Romijn
25.2%
Susan Bunch
Jessica Hecht
18.3%
Carol Willick
Jane Sibbett
17.1%
Dr. Leonard Green
Ron Leibman
13.7%
Quiz Playlist
Details
Report
Send in Message
Add To Playlist
Classic:
Type in answers that appear in a list
Last Updated: Feb 16, 2017
Quiz Scoreboard
CHALLENGE
Sign Up to Join the Scoreboard
Show All
Scores
Hide
Comments
May contain spoilers
Recently Published
Holiday 10x10 Sorting Gallery
by lukepisani3
Holiday
15m
Two Season TV Shows II
by 123Four
Television
10m
Image Sorting: Flags VI
by Barbecue
Geography
2m
More to Explore
Quiz From the Vault
Featured Blog Post
14 Easter Pick-up Lines to Find Eggs With
hide this ad
You Might Also Like...
Tags
Actor Quiz
Actress Quiz
Character
Extra
guest
Guest Stars
Notable
star
Today's Top Quizzes in Television
Browse Television
hide this ad
Today's Top Quizzes in Actor
Browse Actor
Top Contributed Quizzes in Television
1
Survivor Journey Challenge
2
Even More Two Season TV Shows
3
Adjectives in 00s TV Shows
4
Even More Three Season TV Shows
5
Survivor Logic Puzzle: Heroes vs. Villains
6
Adjectives in 10s TV Shows
7
One Season TV Shows
8
One Piece Logic Puzzle
9
Brooklyn Nine Nine Logic Puzzle (How-To-Play)
10
Click the SpongeBob Episodes (Season 3)
Explore More
Trending Topics
NBA
Marvel
Anime
Disney
Harry Potter
Crossword
Kpop
The Office
Song
Soccer
Country
Puzzle
NFL
WWE
Pokémon
hide this ad
More By:
Friends2fan
Quiz
Plays
Rating
Category
Featured
Created
Breaking Bad Trivia
2,808
2.90
Television
Mar 6, 2012
FRIENDS - Notable Guest Stars
263
2.50
Television
Jan 31, 2012
Friends Season 1 Quotes
244
2.50
Television
Jan 4, 2012
Friends Food Episodes
132
3.25
Television
Jan 4, 2012
Go to Creator's Profile
Score Distribution
Quiz Creator Spotlight
Friends2fan
Follow
Send a Message
Quizzes Created
-
Created Quiz Play Count
-
More By This Creator
Popular Quizzes Today
1
Find the US States - No Outlines Minefield
2
Colored Red Africa Blitz
3
Find the 'City' Movie
4
The Countries of the World
5
5x2 Blitz: Bands
6
Find the US States
7
Find the Countries of Europe - No Outlines Minefield
8
US States
More Television Quizzes
How I Met Your Mother Characters by Image
Published
Trending Quizzes
Colored Red Europe Blitz I
Colored Red Europe Blitz II
Colored Red Africa Blitz II
Colored Red Europe Blitz III
Colored Red Africa Blitz III
Recently Updated
Odd Team Out - Big 4 Players
pecheneg
Quick Pick: 20 Twenties
pecheneg
March Madness Men's Triple Doubles
pecheneg
How Do You Spell That?
pecheneg
Godzilla Movies
pecheneg
Grab Bag: 4-10 Letters
pecheneg
2024 March Madness Bracket
pecheneg
Famous TV Couples
Peacemaker
Champions League XIs: Real Madrid
pecheneg
Largest US Cities 1790-2010
pecheneg
Trending Topics
Marvel
Crossword
Kpop
Anime
Disney
NBA
Harry Potter
Pokémon
NFL
WWE
Country
Soccer
The Office
Song
Puzzle
Your Account Isn't Verified!
In order to create a playlist on Sporcle, you need to verify the email address you used during registration. Go to your
Sporcle Settings
to finish the process.
Report this User
Report this user for behavior that violates our
Community Guidelines
.
Details:
Send Report
Go to the Sporcle.com Mobile Site →
Comments